Если тебе комсомолец имя: беседы о книгах

Bibliographic Details
Corporate Author: Государственная библиотека СССР им. В.И. Ленина
Other Authors: Криворученко В. К. (редактор), Беспалова Н. А. (составитель), Лойко В. Е., Панченкова Т. В.
Summary:Исключено из фонда НТБ ТПУ
Language:Russian
Published: Москва, Книжная палата, 1988
Format: MixedMaterials Book
KOHA link:https://koha.lib.tpu.ru/cgi-bin/koha/opac-detail.pl?biblionumber=262283

MARC

LEADER 00000nam0a2200000 4500
001 262283
005 20231101233635.0
010 |a 5700000350 
035 |a (RuTPU)RU\TPU\book\285265 
090 |a 262283 
100 |a 20140530d1988 km y0rusy50 ca 
101 0 |a rus 
102 |a RU 
105 |a y a 001zy 
200 1 |a Если тебе комсомолец имя  |e беседы о книгах  |f Государственная библиотека СССР им. В.И. Ленина ; под ред. В. К. Криворученко, Н. А. Беспалова ; сост. В. Е. Лойко, Т. В. Панченкова 
210 |a Москва  |c Книжная палата  |d 1988 
215 |a 127 с. 
333 |a Исключено из фонда НТБ ТПУ 
702 1 |a Криворученко  |b В. К.  |4 340 
702 1 |a Беспалова  |b Н. А.  |4 340 
702 1 |a Лойко  |b В. Е.  |4 220 
702 1 |a Панченкова  |b Т. В.  |4 220 
712 0 2 |a Государственная библиотека СССР им. В.И. Ленина  |9 24199 
801 1 |a RU  |b 63413507  |c 20140530 
801 2 |a RU  |b 63413507  |c 20220314  |g RCR 
942 |c BK